00735nam a22001217a 450000500170000000800410001705000080005824500880006626000260015430000260018050000200020650503870022620230807103028.0230803b ||||| |||| 00| 0 eng d aREF aIntroduction to criminal investigation: a practical approach /cRaymond W. Adofiem. aAccra :bFlash Image, axiv, 192 p. :c22 cm. aIncludes index. aContents: Unit One: General introduction: Nature and scope of criminal investigations: Learning objectives -- What constitutes a crime? -- Criminal investigation defined -- What is the difference between criminal investigation and other types of investigations? -- Major aim of criminal investigations -- Six major aspects of an investigation (steps/stages) -- Unit Two: The C.I.D.